|
|
|
|
| LEADER |
00000nam2a2200000 4500 |
| 001 |
195476 |
| 005 |
20231031182841.0 |
| 035 |
|
|
|a (RuTPU)RU\TPU\book\213270
|
| 035 |
|
|
|a RU\TPU\book\212336
|
| 090 |
|
|
|a 195476
|
| 100 |
|
|
|a 20110511d1965 k y0rusy50 ca
|
| 101 |
0 |
|
|a rus
|
| 102 |
|
|
|a RU
|
| 105 |
|
|
|a a z 001zy
|
| 200 |
0 |
|
|a Том 14
|f под ред. Ю. А. Цирлина
|
| 210 |
|
|
|d 1965
|
| 215 |
|
|
|a 284 с.
|c ил.
|
| 320 |
|
|
|a Библиогр. в конце ст.
|
| 320 |
|
|
|a Содержание сборника трудов ВНИИГС, том 13: с. 282-284.
|
| 461 |
|
1 |
|0 (RuTPU)RU\TPU\book\213269
|t Сборник трудов Всесоюзного научно-исследовательского института гидролизной и сульфитно-спиртовой промышленности (ВНИИГС)
|f Всесоюзный научно-исследовательский институт гидролизной и сульфитно-спиртовой промышленности (ВНИИГС)
|v Том 14
|d 1965-1967
|
| 610 |
1 |
|
|a растительные отходы
|
| 610 |
1 |
|
|a гидролиз
|
| 610 |
1 |
|
|a технология
|
| 610 |
1 |
|
|a полисахариды
|
| 610 |
1 |
|
|a сульфитный щелок
|
| 610 |
1 |
|
|a фурфурол
|
| 610 |
1 |
|
|a гидролизное производство
|
| 610 |
1 |
|
|a дрожжевое производство
|
| 610 |
1 |
|
|a фурфурольное производство
|
| 610 |
1 |
|
|a целлюлоза
|
| 610 |
1 |
|
|a кристаллическая глюкоза
|
| 610 |
1 |
|
|a лигнины
|
| 675 |
|
|
|a 630.8
|v 3
|
| 702 |
|
1 |
|a Цирлин
|b Ю. А.
|4 340
|
| 801 |
|
1 |
|a RU
|b 63413507
|c 20110411
|
| 801 |
|
2 |
|a RU
|b 63413507
|c 20130326
|g RCR
|
| 942 |
|
|
|c BK
|